[Event "17. Torneo Ciudad de Pamplona - Abierto"]
[Site "Pamplona ESP"]
[Date "2007.12.24"]
[Round "4.7"]
[White "Llaneza Vega, Marcos"]
[Black "Mindeguia Guruceaga, Juan Jesus"]
[Result "1/2-1/2"]
[WhiteElo "2426"]
[BlackElo "2224"]
[PlyCount "73"]
[EventDate "2007.12.22"]
[EventType "swiss"]
[EventRounds "9"]
[EventCountry "ESP"]
[Source "lmi"]
[SourceDate "2007.12.22"]

1. e4 e5 2. Nf3 Nf6 3. Nxe5 d6 4. Nf3 Nxe4 5. d4 d5 6. Bd3 Be7 7. O-O O-O 8. c4
Nc6 9. Nc3 Nxc3 10. bxc3 dxc4 11. Bxc4 Bf5 12. Re1 Bd6 13. Be3 h6 14. Be2 Ne7
15. c4 c6 16. Qb3 Qd7 17. Red1 Be6 18. Rab1 b5 19. d5 cxd5 20. Qxb5 Qxb5 21.
Rxb5 Rfb8 22. c5 Bc7 23. Nd4 Bd7 24. c6 Nxc6 25. Rxd5 Ne5 26. Bf4 Ba4 27. Nb3
Re8 28. Bg3 f6 29. Bh5 Red8 30. Bxe5 fxe5 31. Bf3 Bxb3 32. axb3 Rab8 33. Rd7
Rxd7 34. Rxd7 Bb6 35. Bd5+ Kh7 36. Be4+ Kg8 37. Bd5+ 1/2-1/2

[Event "17. Torneo Ciudad de Pamplona - Abierto"]
[Site "Pamplona ESP"]
[Date "2007.12.24"]
[Round "4.9"]
[White "Martinez Martin, David"]
[Black "Ignacz, Rozsa"]
[Result "1-0"]
[WhiteElo "2400"]
[BlackElo "2079"]
[PlyCount "119"]
[EventDate "2007.12.22"]
[EventType "swiss"]
[EventRounds "9"]
[EventCountry "ESP"]
[Source "lmi"]
[SourceDate "2007.12.22"]

1. d4 Nf6 2. Nf3 e6 3. e3 b6 4. Bd3 Bb7 5. O-O Be7 6. c4 c5 7. Nc3 O-O 8. d5
exd5 9. cxd5 d6 10. e4 Ba6 11. h3 Bxd3 12. Qxd3 Nbd7 13. Bf4 a6 14. a4 Ne8 15.
Nd2 Bf6 16. Bh2 Bd4 17. Qc2 Rb8 18. Nc4 Ne5 19. Na3 Ng6 20. Ne2 Bf6 21. Rab1 b5
22. b4 c4 23. f4 Nc7 24. Rbd1 Re8 25. axb5 axb5 26. Nd4 Na6 27. Nc6 Qb6+ 28.
Kh1 Ra8 29. Nb1 Nb8 30. Bg1 Qa6 31. Na5 Nd7 32. Bd4 Bxd4 33. Rxd4 Nc5 34. bxc5
dxc5 35. Rdd1 Qxa5 36. d6 Rad8 37. e5 Qb6 38. Nc3 Nxe5 39. fxe5 Rxe5 40. Qb2
Rxd6 41. Qxb5 Qxb5 42. Nxb5 Rd3 43. Nd6 Red5 44. Rde1 h6 45. Nxc4 R3d4 46. Re8+
Kh7 47. Rc1 Rd1+ 48. Rxd1 Rxd1+ 49. Kh2 Rc1 50. Ne3 c4 51. Rc8 c3 52. Nd5 c2
53. Ne3 Re1 54. Nxc2 Rc1 55. Rc6 g5 56. g4 f6 57. Nd4 Rxc6 58. Nxc6 h5 59. Kg3
h4+ 60. Kf3 1-0

[Event "17. Torneo Ciudad de Pamplona - Abierto"]
[Site "Pamplona ESP"]
[Date "2007.12.24"]
[Round "4.10"]
[White "Navarro Cia, Miguel"]
[Black "Ros Octavio de Toledo, Eduardo"]
[Result "0-1"]
[WhiteElo "2359"]
[BlackElo "2166"]
[PlyCount "156"]
[EventDate "2007.12.22"]
[EventType "swiss"]
[EventRounds "9"]
[EventCountry "ESP"]
[Source "lmi"]
[SourceDate "2007.12.22"]

1. e4 c5 2. Nf3 Nc6 3. d4 cxd4 4. Nxd4 g6 5. c4 Nf6 6. Nc3 d6 7. Nc2 Bg7 8. Be2
O-O 9. Be3 Be6 10. Qd2 Qa5 11. Rb1 Rfc8 12. f3 a6 13. Nd5 Qxd2+ 14. Kxd2 Rab8
15. Nb6 Rd8 16. Rhc1 Nd7 17. b3 Nxb6 18. Bxb6 Rdc8 19. a4 f5 20. Bd3 Ne5 21.
Ne3 Bh6 22. Rf1 Nxd3 23. Kxd3 Bxe3 24. Kxe3 fxe4 25. fxe4 Rf8 26. Rf3 Rxf3+ 27.
gxf3 Kf7 28. Rd1 Rc8 29. a5 g5 30. Bd4 Rg8 31. Rg1 h5 32. Bc3 g4 33. f4 Bd7 34.
f5 Bc6 35. Kf4 e6 36. Bb4 exf5 37. exf5 d5 38. cxd5 Bxd5 39. Rd1 Bc6 40. Rd6 h4
41. Be1 h3 42. Bh4 Bf3 43. Rd7+ Ke8 44. Rc7 Kf8 45. b4 Rg7 46. Rc8+ Kf7 47. Ke5
Rh7 48. Bg3 Bc6 49. Kf4 Bf3 50. Kg5 Rg7+ 51. Kf4 Rg8 52. Rc7+ Kf8 53. Ke5 Rg7
54. Rc8+ Kf7 55. Bf2 g3 56. Bxg3 Rxg3 57. hxg3 h2 58. Rc7+ Kg8 59. Rc1 h1=Q 60.
Rxh1 Bxh1 61. g4 Kf7 62. g5 Bc6 63. g6+ Kg7 64. Ke6 Bb5 65. Ke7 Bc4 66. Ke8 Kf6
67. Kd7 Kxf5 68. Kc7 Kxg6 69. Kxb7 Kf6 70. Kb6 Ke5 71. Kc5 Bb5 72. Kb6 Kd4 73.
Kc7 Kc4 74. Kb7 Kxb4 75. Kb6 Bd3 76. Kc6 Kxa5 77. Kc5 Ka4 78. Kd4 Kb3 0-1

[Event "17. Torneo Ciudad de Pamplona - Abierto"]
[Site "Pamplona ESP"]
[Date "2007.12.24"]
[Round "4.11"]
[White "Leranoz Zabalza, Adrian"]
[Black "Sande Edreira, Jose Antonio"]
[Result "0-1"]
[WhiteElo "2071"]
[BlackElo "2342"]
[PlyCount "40"]
[EventDate "2007.12.22"]
[EventType "swiss"]
[EventRounds "9"]
[EventCountry "ESP"]
[Source "lmi"]
[SourceDate "2007.12.22"]

1. e4 c5 2. Nf3 Nc6 3. d4 cxd4 4. Nxd4 g6 5. Nc3 Bg7 6. Be3 Nf6 7. Bc4 O-O 8.
Bb3 d6 9. f3 Bd7 10. Qd2 Ne5 11. g4 Qa5 12. h4 Rfc8 13. O-O-O b5 14. Nd5 Qxd2+
15. Bxd2 Nxd5 16. Bxd5 Rab8 17. Bg5 Kf8 18. Kb1 a5 19. h5 e6 20. hxg6 hxg6 0-1

[Event "17. Torneo Ciudad de Pamplona - Abierto"]
[Site "Pamplona ESP"]
[Date "2007.12.24"]
[Round "4.12"]
[White "Aguinaga Ruiz, Jesus Luis"]
[Black "Cortes Bueno, Jesus Javier"]
[Result "1-0"]
[WhiteElo "2063"]
[BlackElo "2305"]
[PlyCount "87"]
[EventDate "2007.12.22"]
[EventType "swiss"]
[EventRounds "9"]
[EventCountry "ESP"]
[Source "lmi"]
[SourceDate "2007.12.22"]

1. d4 Nf6 2. Bf4 d6 3. Nf3 c5 4. e3 Qb6 5. Nc3 cxd4 6. exd4 e6 7. Be2 Be7 8.
O-O O-O 9. a3 Bd7 10. Qd2 a5 11. h3 Na6 12. Be3 Rfc8 13. Rab1 Qd8 14. Rfd1 Nc7
15. a4 Qe8 16. b3 Nfd5 17. Nxd5 Nxd5 18. c4 Nxe3 19. Qxe3 Qd8 20. Bd3 f5 21.
Re1 Bf6 22. Qf4 Qf8 23. Rbd1 Re8 24. Bb1 b6 25. Ne5 dxe5 26. dxe5 Bc6 27. exf6
Qxf6 28. Rd6 Rac8 29. Qe3 Qg6 30. g3 Qh5 31. Kh2 e5 32. Qc3 e4 33. Qe3 Rf8 34.
Qxb6 f4 35. Rxc6 Rb8 36. Qd4 Rxb3 37. Rc7 fxg3+ 38. fxg3 Rxg3 39. Qd5+ Qxd5 40.
cxd5 Rff3 41. Re2 Rxh3+ 42. Kg1 e3 43. d6 Rhg3+ 44. Rg2 1-0

[Event "17. Torneo Ciudad de Pamplona - Abierto"]
[Site "Pamplona ESP"]
[Date "2007.12.24"]
[Round "4.13"]
[White "Zamarbide Iñarrea, Daniel"]
[Black "Calzetta Ruiz, Monica"]
[Result "0-1"]
[WhiteElo "2054"]
[BlackElo "2287"]
[PlyCount "88"]
[EventDate "2007.12.22"]
[EventType "swiss"]
[EventRounds "9"]
[EventCountry "ESP"]
[Source "lmi"]
[SourceDate "2007.12.22"]

1. e4 c5 2. Nf3 g6 3. d4 Bg7 4. dxc5 Qa5+ 5. Nc3 Nf6 6. Nd2 Qxc5 7. Nc4 O-O 8.
e5 Ng4 9. Qxg4 d5 10. Be3 Bxg4 11. Bxc5 dxc4 12. f4 Nc6 13. Bxc4 Rfc8 14. Bd5
e6 15. Bxc6 Rxc6 16. Be7 Re8 17. Bh4 Rc4 18. O-O Bf5 19. g3 Bxc2 20. Rf2 Bf5
21. Rd1 h6 22. Nb5 Rec8 23. Nd6 Rc1 24. Rxc1 Rxc1+ 25. Kg2 Bb1 26. b3 b6 27.
Kh3 Rg1 28. Be7 g5 29. fxg5 hxg5 30. Bxg5 Bxe5 31. Nxf7 Bd4 32. Nh6+ Kg7 33.
Rf3 Kg6 34. Kh4 Rg2 35. h3 Rxa2 36. Rf8 Ra5 37. Rg8+ Kh7 38. Re8 Re5 39. Ng4
Re4 40. Kh5 Kg7 41. Re7+ Kf8 42. Rxa7 b5 43. Ra8+ Kg7 44. Ra7+ Bxa7 0-1

[Event "17. Torneo Ciudad de Pamplona - Abierto"]
[Site "Pamplona ESP"]
[Date "2007.12.24"]
[Round "4.14"]
[White "Delgado Crespo, Mairelys"]
[Black "Roviralta Montero, Axel"]
[Result "1-0"]
[WhiteElo "2285"]
[BlackElo "2009"]
[PlyCount "57"]
[EventDate "2007.12.22"]
[EventType "swiss"]
[EventRounds "9"]
[EventCountry "ESP"]
[Source "lmi"]
[SourceDate "2007.12.22"]

1. e4 e5 2. Nf3 d6 3. d4 exd4 4. Nxd4 Nf6 5. Nc3 a6 6. Bf4 Be7 7. Qd2 b5 8. f3
O-O 9. O-O-O Be6 10. Nf5 Nc6 11. Nxe7+ Qxe7 12. Nd5 Bxd5 13. exd5 Ne5 14. Bg5
h6 15. Bh4 g5 16. Bf2 Kg7 17. h4 g4 18. Be2 Rae8 19. Rhe1 Qd7 20. Bd4 Re7 21.
f4 Nc4 22. Bxc4 bxc4 23. Qc3 Rxe1 24. Bxf6+ Kg6 25. Rxe1 Qf5 26. Bd4 Qxf4+ 27.
Qe3 Kf5 28. g3 Qf3 29. Qxh6 1-0

[Event "17. Torneo Ciudad de Pamplona - Abierto"]
[Site "Pamplona ESP"]
[Date "2007.12.24"]
[Round "4.15"]
[White "Paulet, Iosefina"]
[Black "Martinez Salas, Imanol"]
[Result "1-0"]
[WhiteElo "2276"]
[BlackElo "1998"]
[PlyCount "33"]
[EventDate "2007.12.22"]
[EventType "swiss"]
[EventRounds "9"]
[EventCountry "ESP"]
[Source "lmi"]
[SourceDate "2007.12.22"]

1. e4 e6 2. d4 d5 3. Nd2 dxe4 4. Nxe4 Nd7 5. Nf3 Ngf6 6. Nxf6+ Nxf6 7. Bd3 c5
8. dxc5 Qa5+ 9. Bd2 Qxc5 10. Qe2 Be7 11. O-O-O Bd7 12. Ne5 Bc6 13. Rhe1 Bd6 14.
Nxf7 Kxf7 15. Qxe6+ Kf8 16. Bh6 Re8 17. Qxf6+ 1-0

[Event "17. Torneo Ciudad de Pamplona - Abierto"]
[Site "Pamplona ESP"]
[Date "2007.12.26"]
[Round "5.1"]
[White "Estremera Paños, Sergio"]
[Black "Salgado Lopez, Ivan"]
[Result "0-1"]
[WhiteElo "2400"]
[BlackElo "2460"]
[PlyCount "68"]
[EventDate "2007.12.22"]
[EventType "swiss"]
[EventRounds "9"]
[EventCountry "ESP"]
[Source "lmi"]
[SourceDate "2007.12.22"]

1. d4 Nf6 2. c4 e6 3. Nf3 d5 4. Bg5 c6 5. e3 Qa5+ 6. Nbd2 Ne4 7. Bf4 Nd7 8. a3
Nxd2 9. Nxd2 Be7 10. b4 Qd8 11. Bd3 O-O 12. cxd5 exd5 13. Qc2 h6 14. O-O Re8
15. Nf3 a5 16. b5 c5 17. Bh7+ Kh8 18. Bf5 c4 19. e4 dxe4 20. Bxe4 Nf6 21. Ne5
Qxd4 22. Rfe1 Nxe4 23. Qxe4 Qxe4 24. Rxe4 Be6 25. Rae1 Bxa3 26. Nxc4 Bb4 27.
Nd6 Bxe1 28. Nxe8 Bb4 29. Nc7 Rd8 30. h3 Bf5 31. Rc4 Bd3 32. Rc1 a4 33. Rd1 a3
34. Be5 a2 0-1

[Event "17. Torneo Ciudad de Pamplona - Abierto"]
[Site "Pamplona ESP"]
[Date "2007.12.26"]
[Round "5.3"]
[White "San Segundo Carrillo, Pablo"]
[Black "Mellado Triviño, Juan"]
[Result "1-0"]
[WhiteElo "2536"]
[BlackElo "2410"]
[PlyCount "47"]
[EventDate "2007.12.22"]
[EventType "swiss"]
[EventRounds "9"]
[EventCountry "ESP"]
[Source "lmi"]
[SourceDate "2007.12.22"]

1. d4 d5 2. c4 dxc4 3. Nf3 c5 4. d5 Nf6 5. Nc3 e6 6. e4 exd5 7. e5 Ne4 8. Nxd5
b5 9. b3 Qa5+ 10. Nd2 Be6 11. bxc4 Nd7 12. Qf3 Bxd5 13. cxd5 Qc3 14. Bxb5 Qxa1
15. O-O Nxd2 16. Bxd2 Qb2 17. Bxd7+ Kxd7 18. e6+ Kc7 19. Ba5+ Kd6 20. Qf4+ Kxd5
21. Rd1+ Kxe6 22. Re1+ Kd5 23. Qe4+ Kd6 24. Rd1+ 1-0

[Event "17. Torneo Ciudad de Pamplona - Abierto"]
[Site "Pamplona ESP"]
[Date "2007.12.26"]
[Round "5.6"]
[White "Sanchez Romero, Miguel Angel"]
[Black "Lafuente, Pablo"]
[Result "0-1"]
[WhiteElo "2252"]
[BlackElo "2489"]
[PlyCount "96"]
[EventDate "2007.12.22"]
[EventType "swiss"]
[EventRounds "9"]
[EventCountry "ESP"]
[Source "lmi"]
[SourceDate "2007.12.22"]

1. e4 c6 2. d4 d5 3. Nc3 dxe4 4. Nxe4 Nd7 5. Nf3 Ngf6 6. Nxf6+ Nxf6 7. Ne5 Be6
8. Be2 g6 9. O-O Bg7 10. c4 O-O 11. Be3 Ne8 12. Nf3 Nd6 13. d5 cxd5 14. cxd5
Bg4 15. Bd4 Bxf3 16. Bxf3 Bxd4 17. Qxd4 Qa5 18. a3 Rfc8 19. Rac1 Qb6 20. Qxb6
axb6 21. Bg4 Rc5 22. Rxc5 bxc5 23. Rc1 Ra4 24. Be2 b6 25. Bd1 Rd4 26. Bf3 Rd2
27. b3 Rb2 28. Bd1 Ne4 29. Bf3 Nd2 30. b4 cxb4 31. axb4 Rxb4 32. h3 Rb1 33.
Rxb1 Nxb1 34. Bd1 Kg7 35. Kf1 Nc3 36. Bb3 Kf6 37. f4 Kf5 38. g3 Ke4 39. d6 exd6
40. Bxf7 Kf3 41. Bg8 h6 42. h4 Kxg3 43. h5 gxh5 44. f5 Ne4 45. Bd5 Nf6 46. Bc4
h4 47. Kg1 h3 48. Kh1 h2 0-1

[Event "17. Torneo Ciudad de Pamplona - Abierto"]
[Site "Pamplona ESP"]
[Date "2007.12.26"]
[Round "5.7"]
[White "Krivoshey, Sergei"]
[Black "Barrantes Muñoz, Hugo Pedro"]
[Result "1-0"]
[WhiteElo "2484"]
[BlackElo "2170"]
[PlyCount "77"]
[EventDate "2007.12.22"]
[EventType "swiss"]
[EventRounds "9"]
[EventCountry "ESP"]
[Source "lmi"]
[SourceDate "2007.12.22"]

1. d4 f5 2. g3 Nf6 3. Bg2 g6 4. Nf3 Bg7 5. O-O O-O 6. c4 d6 7. Nc3 c6 8. d5 e5
9. dxe6 Bxe6 10. b3 Na6 11. Ng5 Qe7 12. Bb2 Nc5 13. Nxe6 Nxe6 14. Qc2 Rad8 15.
Rad1 Rfe8 16. e3 h5 17. h4 Ng4 18. Rfe1 g5 19. f3 Ne5 20. Ba1 Qf7 21. hxg5 Nxg5
22. Rf1 Ne6 23. Ne2 h4 24. gxh4 f4 25. Nxf4 Nxf4 26. exf4 Qxf4 27. Qf2 c5 28.
Rfe1 Rf8 29. Re4 Qxe4 30. fxe4 Rxf2 31. Kxf2 Bf6 32. h5 Kg7 33. Bh3 Kh6 34. Bf5
Kxh5 35. Bc3 Bh4+ 36. Ke2 Bg3 37. Rh1+ Kg5 38. Rg1 Kh6 39. Bd2+ 1-0

[Event "17. Torneo Ciudad de Pamplona - Abierto"]
[Site "Pamplona ESP"]
[Date "2007.12.26"]
[Round "5.8"]
[White "Huerga Leache, Mikel"]
[Black "Viñal Gutierrez, Pedro"]
[Result "1-0"]
[WhiteElo "2440"]
[BlackElo "2114"]
[PlyCount "97"]
[EventDate "2007.12.22"]
[EventType "swiss"]
[EventRounds "9"]
[EventCountry "ESP"]
[Source "lmi"]
[SourceDate "2007.12.22"]

1. e4 e6 2. Nf3 d5 3. Nc3 Nf6 4. e5 Nfd7 5. d4 Be7 6. Bd3 c5 7. dxc5 Nxc5 8.
Bf4 Nxd3+ 9. Qxd3 Nc6 10. O-O Bd7 11. Qd2 h6 12. Nd4 Nxd4 13. Qxd4 Bc6 14. Rfe1
Qa5 15. Bd2 Qb4 16. Ne2 Qxd4 17. Nxd4 Kd7 18. a3 b6 19. Bb4 Bc5 20. Bxc5 bxc5
21. Nb3 c4 22. Nd4 Rab8 23. b4 cxb3 24. cxb3 Bb5 25. Rac1 Bd3 26. Rc3 Bg6 27.
Rec1 Rhc8 28. f4 Rxc3 29. Rxc3 Rc8 30. Rxc8 Kxc8 31. Kf2 Kc7 32. Ke3 Kb6 33. g4
Bb1 34. f5 exf5 35. gxf5 a6 36. b4 Kc7 37. a4 Kd7 38. a5 g5 39. f6 Bg6 40. b5
axb5 41. a6 Kc7 42. Nxb5+ Kb6 43. a7 Kb7 44. e6 fxe6 45. f7 Bxf7 46. Nd6+ Kxa7
47. Nxf7 Kb6 48. Kd4 Kc6 49. Nxh6 1-0

[Event "17. Torneo Ciudad de Pamplona - Abierto"]
[Site "Pamplona ESP"]
[Date "2007.12.26"]
[Round "5.9"]
[White "Padurariu, Ioana Smaranda"]
[Black "Llaneza Vega, Marcos"]
[Result "0-1"]
[WhiteElo "2220"]
[BlackElo "2426"]
[PlyCount "78"]
[EventDate "2007.12.22"]
[EventType "swiss"]
[EventRounds "9"]
[EventCountry "ESP"]
[Source "lmi"]
[SourceDate "2007.12.22"]

1. e4 c5 2. Nc3 a6 3. a4 e6 4. Nf3 Nc6 5. d4 cxd4 6. Nxd4 Nf6 7. Be3 Bb4 8.
Nxc6 bxc6 9. e5 Nd5 10. Bd2 O-O 11. Nxd5 Bxd2+ 12. Qxd2 exd5 13. Bd3 Qe7 14.
O-O Qxe5 15. c3 d6 16. Rfe1 Qf6 17. Re3 Bd7 18. Rf3 Qh4 19. a5 Rfe8 20. b4 g6
21. g3 Qe7 22. h4 c5 23. h5 Qe5 24. hxg6 hxg6 25. Re3 Qf6 26. Rxe8+ Bxe8 27.
Re1 Bc6 28. f4 cxb4 29. cxb4 Qd4+ 30. Qe3 Qxb4 31. Rc1 Bb5 32. Bxb5 Qxb5 33.
Qe7 Re8 34. Qc7 d4 35. Qxd6 Qd3 36. Qc6 Qxg3+ 37. Kf1 Qxf4+ 38. Kg1 Re2 39.
Qe8+ Kg7 0-1

[Event "17. Torneo Ciudad de Pamplona - Abierto"]
[Site "Pamplona ESP"]
[Date "2007.12.26"]
[Round "5.10"]
[White "Sande Edreira, Jose Antonio"]
[Black "Montoya Irigoyen, Iñigo"]
[Result "1-0"]
[WhiteElo "2342"]
[BlackElo "2072"]
[PlyCount "69"]
[EventDate "2007.12.22"]
[EventType "swiss"]
[EventRounds "9"]
[EventCountry "ESP"]
[Source "lmi"]
[SourceDate "2007.12.22"]

1. g3 c5 2. Bg2 Nc6 3. e4 e6 4. Nc3 Nf6 5. Nge2 Be7 6. O-O a6 7. a4 Rb8 8. f4
d6 9. d3 Qc7 10. f5 b5 11. axb5 axb5 12. fxe6 fxe6 13. Nf4 b4 14. Nce2 O-O 15.
Kh1 Kh8 16. Ng1 Nd8 17. Bd2 Bb7 18. Ra7 Ra8 19. Rxb7 Qxb7 20. e5 Nd5 21. Be4
Rf5 22. exd6 Bxd6 23. Ngh3 Ra7 24. g4 Re5 25. Qf3 Qe7 26. g5 Qe8 27. g6 Nf6 28.
gxh7 Nxe4 29. dxe4 Rf7 30. Ng6+ Kxh7 31. Nhf4 Rxf4 32. Nxf4 Qc6 33. Nh3 Kg6 34.
Bf4 Qxe4 35. Qxe4+ 1-0

[Event "17. Torneo Ciudad de Pamplona - Abierto"]
[Site "Pamplona ESP"]
[Date "2007.12.26"]
[Round "5.11"]
[White "Mindeguia Guruceaga, Juan Jesus"]
[Black "Rubio Mejia, Luis Igancio"]
[Result "0-1"]
[WhiteElo "2224"]
[BlackElo "2327"]
[PlyCount "80"]
[EventDate "2007.12.22"]
[EventType "swiss"]
[EventRounds "9"]
[EventCountry "ESP"]
[Source "lmi"]
[SourceDate "2007.12.22"]

1. e4 c5 2. Nf3 d6 3. d4 cxd4 4. Nxd4 Nf6 5. Nc3 a6 6. Be3 e5 7. Nb3 Be6 8. f3
Nbd7 9. g4 Nb6 10. g5 Nh5 11. Nd5 Nxd5 12. exd5 Bf5 13. Bd3 Bxd3 14. Qxd3 Be7
15. h4 O-O 16. O-O-O Qd7 17. Kb1 g6 18. Nd2 f5 19. gxf6 Rxf6 20. Bg5 Rf5 21.
Rhg1 Raf8 22. Rdf1 Bxg5 23. Rxg5 Rf4 24. Rh1 Kh8 25. c3 b5 26. Qe3 Qf7 27. Qd3
Nf6 28. a3 Nh5 29. Rh2 Qd7 30. Ka2 a5 31. Kb1 b4 32. cxb4 axb4 33. axb4 Rxb4
34. Qc3 Rd4 35. Rg1 Rxd5 36. Ne4 Qa7 37. Rc1 Ra5 38. Nxd6 Ra1+ 39. Kc2 Qa4+ 40.
Kd3 Rxf3+ 0-1

[Event "17. Torneo Ciudad de Pamplona - Abierto"]
[Site "Pamplona ESP"]
[Date "2007.12.26"]
[Round "5.13"]
[White "Calzetta Ruiz, Monica"]
[Black "Aguinaga Ruiz, Jesus Luis"]
[Result "1-0"]
[WhiteElo "2287"]
[BlackElo "2063"]
[PlyCount "81"]
[EventDate "2007.12.22"]
[EventType "swiss"]
[EventRounds "9"]
[EventCountry "ESP"]
[Source "lmi"]
[SourceDate "2007.12.22"]

1. e4 Nc6 2. Nf3 Nf6 3. e5 Ng4 4. d4 d6 5. h3 Nh6 6. e6 fxe6 7. Bxh6 gxh6 8.
Nc3 Bg7 9. Qd2 e5 10. d5 Nd4 11. Nxd4 exd4 12. Nb5 e5 13. dxe6 Bxe6 14. Qe2 Kd7
15. O-O-O Qg5+ 16. Kb1 Rhe8 17. Qd3 Qd5 18. b3 Bf5 19. Qd2 a6 20. Nxd4 Bxd4 21.
Qxd4 Qxd4 22. Rxd4 Re1+ 23. Kb2 Rae8 24. g4 Bg6 25. f4 c5 26. Rd2 R8e3 27. f5
Bf7 28. h4 Rg3 29. Bb5+ axb5 30. Rxe1 Rxg4 31. f6 Be6 32. Rde2 Bd5 33. Re7+ Kc6
34. Rf1 Rxh4 35. f7 Bxf7 36. Rfxf7 b4 37. Rxb7 Kd5 38. Rxh7 Kd4 39. Rbg7 d5 40.
Rg6 c4 41. bxc4 1-0

[Event "17. Torneo Ciudad de Pamplona - Abierto"]
[Site "Pamplona ESP"]
[Date "2007.12.26"]
[Round "5.14"]
[White "Blazquez Gomez, Miguel"]
[Black "Delgado Crespo, Mairelys"]
[Result "1-0"]
[WhiteElo "2099"]
[BlackElo "2285"]
[PlyCount "135"]
[EventDate "2007.12.22"]
[EventType "swiss"]
[EventRounds "9"]
[EventCountry "ESP"]
[Source "lmi"]
[SourceDate "2007.12.22"]

1. b3 d5 2. Bb2 Nf6 3. e3 e6 4. Nf3 Be7 5. Ne5 O-O 6. f4 Nbd7 7. Bd3 Nc5 8. Be2
Nfd7 9. O-O Nxe5 10. fxe5 f5 11. d3 Bg5 12. Rf3 Nd7 13. c4 c6 14. Nd2 b5 15.
cxb5 cxb5 16. d4 Qb6 17. a4 b4 18. a5 Qd8 19. g3 Bb7 20. h4 Bh6 21. Ra4 Bc6 22.
Ra2 Rc8 23. Bd3 Nb8 24. Nf1 Qd7 25. Qe2 Rc7 26. Bc1 Qe7 27. Bd2 Bd7 28. Qe1 Nc6
29. Rf2 Rb8 30. Kg2 g6 31. Nh2 Nd8 32. Nf3 Nf7 33. Qe2 Bf8 34. Ne1 Qe8 35. a6
Bb5 36. Ra5 Bxd3 37. Nxd3 Nd8 38. Ra4 Nc6 39. Rf1 Rb6 40. Rc1 Qc8 41. Rca1 Nb8
42. Ne1 Rcc6 43. h5 Rxa6 44. hxg6 hxg6 45. Nd3 Rxa4 46. Rxa4 Na6 47. Nf4 Kg7
48. g4 Qb7 49. gxf5 gxf5 50. Kf3 Kf7 51. Qg2 Ke8 52. Nh5 Qf7 53. Nf6+ Kd8 54.
Qf1 Qb7 55. Be1 Kc8 56. Qh1 Qg7 57. Ra2 Qh6 58. Rh2 Qg6 59. Rh8 Qg7 60. Rg8 Qf7
61. Qh8 Kb7 62. Rxf8 Qc7 63. Qh7 Qxh7 64. Nxh7 Rc1 65. Bd2 Rb1 66. Ng5 Nc7 67.
Bxb4 Rxb3 68. Bd6 1-0

[Event "17. Torneo Ciudad de Pamplona - Abierto"]
[Site "Pamplona ESP"]
[Date "2007.12.26"]
[Round "5.15"]
[White "Sanchez Salazar, Kiko"]
[Black "Paulet, Iosefina"]
[Result "1/2-1/2"]
[WhiteElo "1940"]
[BlackElo "2276"]
[PlyCount "159"]
[EventDate "2007.12.22"]
[EventType "swiss"]
[EventRounds "9"]
[EventCountry "ESP"]
[Source "lmi"]
[SourceDate "2007.12.22"]

1. e4 c5 2. Nf3 d6 3. d4 cxd4 4. Nxd4 Nf6 5. Nc3 a6 6. Be2 e5 7. Nb3 Be7 8. O-O
O-O 9. a3 Be6 10. Be3 Nbd7 11. f3 Rc8 12. Rc1 Nb6 13. Kh1 Qc7 14. Qe1 Nc4 15.
Bxc4 Bxc4 16. Rf2 d5 17. exd5 Nxd5 18. Nxd5 Bxd5 19. Nd2 f5 20. Re2 b5 21. Bf4
Bxa3 22. Bxe5 Bd6 23. Bxd6 Qxd6 24. c3 Rcd8 25. Ra1 Qc6 26. Qf2 Rd6 27. Re7 Bf7
28. Nf1 f4 29. h3 Rfd8 30. Qe2 Qc4 31. Kg1 Qxe2 32. Rxe2 Bc4 33. Ree1 Kf7 34.
Kf2 g5 35. Rab1 Bb3 36. Re2 a5 37. Rbe1 Bc4 38. Re7+ Kf6 39. Rxh7 Bf7 40. Rh6+
Bg6 41. Nh2 Rd2+ 42. Re2 Rxe2+ 43. Kxe2 Kg7 44. Ng4 b4 45. h4 bxc3 46. bxc3 a4
47. hxg5 a3 48. Ne5 Rd6 49. Nxg6 Rxg6 50. Rh1 Rxg5 51. Kf2 Rb5 52. Ra1 Rb2+ 53.
Kg1 a2 54. Kh2 Kf6 55. Kh3 Kg5 56. Kh2 Kf5 57. c4 Ke5 58. Kh3 Kf5 59. Kh2 Kf6
60. Kh3 Ke5 61. c5 Kd4 62. Kg4 Rxg2+ 63. Kxf4 Kxc5 64. Ke5 Re2+ 65. Kf5 Kd4 66.
f4 Ke3 67. Kg4 Rg2+ 68. Kf5 Rb2 69. Kg5 Kd4 70. f5 Ke5 71. Re1+ Kd5 72. Ra1 Rh2
73. Kg6 Kc4 74. f6 Kb3 75. f7 Rg2+ 76. Kh7 Rf2 77. Kg7 Kb2 78. Rxa2+ Kxa2 79.
f8=Q Rxf8 80. Kxf8 1/2-1/2

[Event "17. Torneo Ciudad de Pamplona - Abierto"]
[Site "Pamplona ESP"]
[Date "2007.12.26"]
[Round "6.4"]
[White "Lafuente, Pablo"]
[Black "Sande Edreira, Jose Antonio"]
[Result "1-0"]
[WhiteElo "2489"]
[BlackElo "2342"]
[PlyCount "85"]
[EventDate "2007.12.22"]
[EventType "swiss"]
[EventRounds "9"]
[EventCountry "ESP"]
[Source "lmi"]
[SourceDate "2007.12.22"]

1. d4 Nf6 2. c4 g6 3. Nf3 Bg7 4. g3 O-O 5. Bg2 d6 6. O-O Nbd7 7. Nc3 e5 8. e4
h6 9. Re1 Nh7 10. d5 Nb6 11. Qe2 Bg4 12. Qf1 h5 13. Bd2 Qf6 14. Nh4 g5 15. Nf5
Bxf5 16. exf5 Qxf5 17. Be4 Qd7 18. Bxh7+ Kxh7 19. Bxg5 f5 20. Be3 c5 21. dxc6
bxc6 22. Rad1 Qe6 23. b3 Nd7 24. Qh3 Rf6 25. Bg5 Rg6 26. Qxh5+ Bh6 27. Bxh6
Rxh6 28. Rxd6 Qxd6 29. Qxf5+ Kh8 30. Rd1 Qb4 31. Ne4 Nf6 32. Rd6 Kg7 33. Rxf6
Qe1+ 34. Kg2 Rxh2+ 35. Kf3 Qd1+ 36. Ke3 Qe1+ 37. Kd3 Rd8+ 38. Kc2 Qe2+ 39. Kc3
Qe1+ 40. Kb2 Rd2+ 41. Ka3 Qc1+ 42. Kb4 a5+ 43. Kc5 1-0

[Event "17. Torneo Ciudad de Pamplona - Abierto"]
[Site "Pamplona ESP"]
[Date "2007.12.26"]
[Round "6.7"]
[White "Rivero Ojeda, Jesus Carmelo"]
[Black "Pogorelov, Ruslan"]
[Result "0-1"]
[WhiteElo "2326"]
[BlackElo "2411"]
[PlyCount "186"]
[EventDate "2007.12.22"]
[EventType "swiss"]
[EventRounds "9"]
[EventCountry "ESP"]
[Source "lmi"]
[SourceDate "2007.12.22"]

1. e4 c5 2. Bc4 e6 3. Qe2 Nc6 4. c3 g6 5. h4 h5 6. d4 cxd4 7. Nf3 Bg7 8. O-O
Nge7 9. e5 Nf5 10. Rd1 d3 11. Bxd3 Nxh4 12. Nbd2 Nxf3+ 13. Nxf3 Qc7 14. Bf4 O-O
15. Re1 b6 16. Rad1 Bb7 17. Bg5 Rfe8 18. Qe3 Ne7 19. Bxe7 Rxe7 20. Be4 Bxe4 21.
Qxe4 Rf8 22. Nh4 Qc6 23. Qf4 Rc8 24. Rd4 Qc5 25. Nf3 b5 26. g4 hxg4 27. Nh2 g5
28. Qg3 f5 29. exf6 Bxf6 30. Rxg4 Rg7 31. Rge4 Qc7 32. Qd3 Rh7 33. Ng4 Bg7 34.
Qxb5 Kh8 35. Qd3 Rf8 36. Ne5 Bxe5 37. Rxe5 Qb7 38. Qe4 Qxb2 39. Qd4 Rg7 40.
R1e2 Qb1+ 41. Kg2 Qb7+ 42. Kg1 Kg8 43. Qg4 Rf4 44. Qh5 Rh4 45. Qe8+ Kh7 46.
R5e4 Rh6 47. Qf8 Qb1+ 48. Re1 Qxa2 49. Qf3 Qd5 50. c4 Qd6 51. Qg2 a5 52. Re5 a4
53. Qe4+ Kg8 54. Qa8+ Qf8 55. Qxf8+ Kxf8 56. Ra5 Ke7 57. Rxa4 Rh4 58. Rd1 Rgh7
59. Rd2 Rg4+ 60. Kf1 Rhh4 61. Ra7 Rd4 62. Rxd4 Rxd4 63. Ra5 g4 64. Rc5 Kd8 65.
Ke2 d6 66. Rg5 Rxc4 67. Rg7 Ke8 68. Kd3 Ra4 69. Ke3 Kf8 70. Rb7 d5 71. Rd7 Re4+
72. Kd3 Rf4 73. Ke3 Rf3+ 74. Ke2 Rf7 75. Rd8+ Ke7 76. Rg8 Rf4 77. Ra8 Rb4 78.
Ke3 Kd6 79. Rg8 Re4+ 80. Kd3 Ke5 81. Rg7 Ra4 82. Rg8 Ra3+ 83. Ke2 Kf4 84. Rf8+
Ke4 85. Rg8 Ra2+ 86. Kf1 d4 87. Rxg4+ Kd3 88. Rg7 e5 89. Rg3+ Kd2 90. f4 Ra1+
91. Kf2 e4 92. Rb3 e3+ 93. Kf3 Rf1+ 0-1